书目信息 |
| 题名: |
发展中国家的经济学
|
|
| 作者: | H.迈因特 著 ;复旦大学国际政治系 译 | |
| 分册: | ||
| 出版信息: | 北京 商务印书馆 1978.07 |
|
| 页数: | 180页 | |
| 开本: | 19cm | |
| 丛书名: | ||
| 单 册: | ||
| 中图分类: | F112.1 | |
| 科图分类: | ||
| 主题词: | 经济--世界 , 国际经济关系 | |
| 电子资源: | ||
| ISBN: | ||
| 000 | 00661nam0 2200217 45 | |
| 001 | 0303261590 | |
| 005 | 20060819150225.35 | |
| 010 | @dCNY0.46 | |
| 091 | @a4017.185 | |
| 100 | @a20030326d1978 km y0chiy0120 ea | |
| 101 | 0 | @achi |
| 200 | 1 | @a发展中国家的经济学@AFa Zhan Zhong Guo Jia De Jing Ji Xue@f(英)H.迈因特著@F(Ying)H.Mai Yin Te Zhu@g复旦大学国际政治系译 |
| 210 | @a北京@c商务印书馆@d1978.07 | |
| 215 | @a180页@d19cm | |
| 606 | 0 | @a经济@x世界 |
| 606 | 0 | @a国际经济关系 |
| 690 | @aF112.1@v3 | |
| 701 | 0 | @aH.迈因特@4著 |
| 712 | 02 | @a复旦大学国际政治系@AFu Dan Da Xue Guo Ji Zheng Zhi Xi@4译 |
| 801 | @aCN@bTSTC@c20060819 | |
| 905 | @f1@b2471@dF112.1@e1 | |
| 发展中国家的经济学/(英)H.迈因特著/复旦大学国际政治系译.-北京:商务印书馆,1978.07 |
| 180页;19cm |
| ISBN :CNY0.46 |
| ● |
| 相关链接 |
|
|
|
|
正题名:发展中国家的经济学
索取号:F112.1/1
 
预约/预借
| 序号 | 登录号 | 条形码 | 馆藏地/架位号 | 状态 | 备注 |
| 1 | 0002471 | 001776894 | 第一样本阅览室/ [索取号:F112.1/1] | 在馆 | |
| 2 | 0471082 | 204710820 | 密集书库/ [索取号:F112.1/1] | 在馆 |